000 01071nam a22004210a 4500
001 PT41237
003 AR-LpoUNG
005 20210131230832.0
008 191001s1996||||mx |||||||||||||||||spa d
020 _a968270684X
_c$118.25
040 _aAR-LpoUNG
_bspa
_cAR-LpoUNG
_eaacr
041 _aspa
044 _amx
082 0 _a980.035 129ern
100 1 _aTaibo II, Paco Ignacio
245 1 0 _aErnesto Guevara :
_btambién conocido como El Che
250 _a1§ edición, 2§ reimpresión
260 _aMéxico, D. F. :
_bJoaquín Mortiz,
_c1996.
300 _a864 p. :
_bil.
650 4 _aAMERICA LATINA
650 4 _aANALISIS HISTORICO
650 4 _aARGENTINA
650 4 _aBIOGRAFIAS
650 4 _aCAMBIO SOCIAL
650 4 _aCAPITALISMO
650 4 _aCOMUNISMO
650 4 _aCONFLICTOS ARMADOS
650 4 _aCUBA
650 4 _aESTADOS UNIDOS
650 4 _aGUERRILLEROS
650 4 _aHISTORIA
650 4 _aMARXISMO
650 4 _aREVOLUCION
650 4 _aVIOLENCIA
651 4 _aAmérica Latina
905 _a41237
942 _cLIB
999 _c6461
_d6461